[Event "Piestany Slovakia op-A"]
[Site "Piestany"]
[Date "2025.07.12"]
[Round "5"]
[White "Brzezina, Piotr"]
[Black "Aliev, Pavel"]
[Result "1-0"]
[WhiteElo "2296"]
[BlackElo "2188"]
[PlyCount "161"]
[EventDate "2025.07.08"]
[EventType "swiss"]
[EventRounds "9"]
[EventCountry "SVK"]
[SourceTitle "CB29_2025"]
[SourceDate "2025.07.16"]
[SourceVersion "1"]
[SourceVersionDate "2025.07.16"]
[SourceQuality "1"]

1. d4 Nf6 2. c4 c5 3. d5 e5 4. Nc3 d6 5. e4 Be7 6. Nge2 0-0 7. Ng3 Ne8 8. Be3 Nd7 9. Qd2 g6 10. Bd3 Ng7 11. Bh6 Nf6 12. h3 Kh8 13. 0-0 Ng8 14. Be3 f5 15. exf5 gxf5 16. f4 e4 17. Be2 Rf6 18. Nh1 Rg6 19. Kh2 Nf6 20. Rg1 Qg8 21. g3 Bd7 22. Raf1 h5 23. Nf2 Qh7 24. Rg2 Rg8 25. Rh1 Nge8 26. Qd1 Qg7 27. Rhg1 Qh7 28. Kh1 Qg7 29. Nb1 Qh7 30. Nd2 Kg7 31. Nf1 Kf8 32. b3 b5 33. Bc1 b4 34. Bb2 Qh6 35. Qd2 Qh7 36. Nh2 a5 37. a3 Bd8 38. axb4 axb4 39. Qe3 Qh8 40. Ba1 Qh7 41. Nd1 Bc8 42. Nf2 R8g7 43. Bb2 Ra7 44. Qc1 Re7 45. Nd1 e3 46. Bf3 Ne4 47. Bxe4 Rxe4 48. Nxe3 Bf6 49. Bxf6 Nxf6 50. Nf3 Re7 51. Ng5 Qg7 52. Re1 Ne4 53. Nxe4 Rxe4 54. Nf1 Qe7 55. Re3 h4 56. gxh4 Rxg2 57. Kxg2 Qg7+ 58. Kh2 Rxf4 59. Re8+ Kxe8 60. Qxf4 Qb2+ 61. Nd2 Qe5 62. Kg3 Qe1+ 63. Kf3 Qh1+ 64. Kf2 Qd1 65. h5 Qxh5 66. Qxd6 Qh4+ 67. Qg3 Qh8 68. Qe3+ Kd8 69. Qxc5 f4 70. Qd6+ Bd7 71. Qxf4 Qxh3 72. c5 Qd3 73. c6 Qxd5 74. cxd7 Qc5+ 75. Qe3 Qf5+ 76. Ke2 Qb5+ 77. Nc4 Qh5+ 78. Qf3 Qh2+ 79. Kd3 Qh7+ 80. Qe4 Qh3+ 81. Ne3 1-0

[Event "Kiel op"]
[Site "Kiel"]
[Date "2025.07.04"]
[Round "7"]
[White "Dovhan, Artem"]
[Black "Brzezina, Piotr"]
[Result "1/2-1/2"]
[WhiteElo "2137"]
[BlackElo "2267"]
[PlyCount "123"]
[EventDate "2025.06.30"]
[EventType "swiss"]
[EventRounds "9"]
[EventCountry "GER"]
[SourceTitle "CB28_2025"]
[SourceDate "2025.07.09"]
[SourceVersion "1"]
[SourceVersionDate "2025.07.09"]
[SourceQuality "1"]

1. e4 c5 2. Nf3 Nc6 3. Bb5 d6 4. 0-0 Bd7 5. c3 Nf6 6. Re1 a6 7. Bf1 Bg4 8. d4 cxd4 9. cxd4 Bxf3 10. gxf3 d5 11. e5 Nh5 12. Nc3 e6 13. Be3 g6 14. Qd2 Be7 15. Rad1 Ng7 16. Bd3 0-0 17. Kh1 f6 18. f4 fxe5 19. fxe5 Nf5 20. Rg1 Kh8 21. Rg2 Qe8 22. Bxf5 Rxf5 23. Ne2 Qf7 24. Rdg1 Rg8 25. a3 Rf3 26. Rg4 g5 27. R4g2 h6 28. Nc1 Qf5 29. Nd3 Rf8 30. Ne1 Rh3 31. Rg3 Bd8 32. Qc2 Rxg3 33. Rxg3 Qxc2 34. Nxc2 Ne7 35. Rg1 Nf5 36. Kg2 Bb6 37. Rd1 Nh4+ 38. Kf1 Rc8 39. Ne1 Nf5 40. Rd3 Kg7 41. Ke2 Kg6 42. f3 Rc4 43. b3 Rc8 44. Bf2 Ba5 45. Kd1 h5 46. Nc2 g4 47. fxg4 hxg4 48. h3 Kg5 49. Be3+ Kh4 50. hxg4 Kxg4 51. b4 Bb6 52. Kd2 Kf3 53. Bg1+ Ke4 54. Rh3 Rg8 55. Bf2 Rg2 56. Ke1 Rg4 57. Ne3 Nxe3 58. Rxe3+ Kf5 59. Rd3 Ke4 60. Re3+ Kf4 61. Rd3 Ke4 62. Re3+ 1/2-1/2

[Event "Kiel op"]
[Site "Kiel"]
[Date "2025.07.03"]
[Round "5"]
[White "Brzezina, Piotr"]
[Black "Terkiewicz, Bruno"]
[Result "1/2-1/2"]
[WhiteElo "2267"]
[BlackElo "2183"]
[PlyCount "69"]
[EventDate "2025.06.30"]
[EventType "swiss"]
[EventRounds "9"]
[EventCountry "GER"]
[SourceTitle "CB28_2025"]
[SourceDate "2025.07.09"]
[SourceVersion "1"]
[SourceVersionDate "2025.07.09"]
[SourceQuality "1"]

1. d4 Nf6 2. c4 e6 3. Nc3 Bb4 4. e3 0-0 5. Bd3 c5 6. Nge2 d5 7. a3 Bxc3+ 8. bxc3 dxc4 9. Bxc4 Nc6 10. 0-0 b6 11. f3 Qc7 12. Bd3 Rd8 13. Bb2 Nd5 14. Qd2 Na5 15. Nc1 h6 16. Re1 Ne7 17. e4 Bb7 18. Qe3 Qc8 19. Ne2 Ba6 20. Rad1 Nec6 21. Nf4 Bxd3 22. Qxd3 Qc7 23. Nh5 Qe7 24. Qe2 g6 25. Ng3 Nb3 26. Qf2 e5 27. d5 Nca5 28. f4 exf4 29. Qxf4 Nc4 30. Bc1 Nxc1 31. Rxc1 Qg5 32. Qf2 Ne5 33. Rcd1 Rd6 34. Nf1 Rf6 35. Qg3 1/2-1/2

[Event "Kiel op"]
[Site "Kiel"]
[Date "2025.07.02"]
[Round "4"]
[White "Rozentalis, Eduardas"]
[Black "Brzezina, Piotr"]
[Result "1-0"]
[WhiteElo "2455"]
[BlackElo "2267"]
[PlyCount "63"]
[EventDate "2025.06.30"]
[EventType "swiss"]
[EventRounds "9"]
[EventCountry "GER"]
[SourceTitle "CB28_2025"]
[SourceDate "2025.07.09"]
[SourceVersion "1"]
[SourceVersionDate "2025.07.09"]
[SourceQuality "1"]

1. e4 e5 2. Nf3 Nc6 3. Nc3 Nf6 4. Bb5 Bb4 5. 0-0 0-0 6. d3 Bxc3 7. bxc3 d6 8. Re1 a6 9. Bxc6 bxc6 10. d4 Nd7 11. Rb1 a5 12. c4 c5 13. dxe5 dxe5 14. Bb2 Qe7 15. Qd5 c6 16. Qxc6 Ra6 17. Qa4 Bb7 18. Qa3 f5 19. Nxe5 Nxe5 20. Bxe5 Bxe4 21. Bf4 Qh4 22. Bg3 Qh6 23. Qxc5 Ba8 24. f3 f4 25. Bf2 Qg6 26. Rb6 Rxb6 27. Qxb6 Qg5 28. Qe6+ Kh8 29. Qe7 Qf5 30. Bd4 Rf7 31. Qe8+ Rf8 32. Re7 1-0

[Event "Kiel op"]
[Site "Kiel"]
[Date "2025.06.30"]
[Round "1"]
[White "Brzezina, Piotr"]
[Black "Kosakowski, Jakub"]
[Result "0-1"]
[WhiteElo "2267"]
[BlackElo "2548"]
[PlyCount "102"]
[EventDate "2025.06.30"]
[EventType "swiss"]
[EventRounds "9"]
[EventCountry "GER"]
[SourceTitle "CB28_2025"]
[SourceDate "2025.07.09"]
[SourceVersion "1"]
[SourceVersionDate "2025.07.09"]
[SourceQuality "1"]

1. e4 c6 2. Nf3 d5 3. exd5 cxd5 4. d4 Nc6 5. c3 a6 6. Bd3 Bg4 7. 0-0 e6 8. Nbd2 Bd6 9. Re1 Nge7 10. Qb3 0-0 11. Ne5 Bxe5 12. dxe5 Qc7 13. Qa4 Bf5 14. Bxf5 Nxf5 15. Nf3 Rfc8 16. Qg4 d4 17. Qh5 dxc3 18. bxc3 h6 19. g4 Nfe7 20. Qh3 Qd8 21. Bd2 Qd3 22. Rad1 Qh7 23. Qg3 Rd8 24. Be3 Rxd1 25. Rxd1 Nd5 26. Bd2 Qd3 27. Re1 Nxc3 28. Bxc3 Qxc3 29. Re3 Qc2 30. h4 Rd8 31. Kg2 Rd3 32. Rxd3 Qxd3 33. Qf4 Qd5 34. a3 b5 35. Kg1 a5 36. h5 b4 37. axb4 axb4 38. g5 hxg5 39. Nxg5 Qd1+ 40. Kg2 Qxh5 41. Qc1 b3 42. f4 Qg4+ 43. Kf2 b2 44. Qxb2 Qxf4+ 45. Nf3 g5 46. Qb6 g4 47. Qxc6 Qxf3+ 48. Qxf3 gxf3 49. Kxf3 Kh7 50. Kg3 Kg7 51. Kh3 f5 0-1

[Event "POL-chT U20"]
[Site "Chotowa"]
[Date "2025.06.16"]
[Round "3.25"]
[White "Brzezina, Piotr"]
[Black "Trzebinski, Patryk"]
[Result "1-0"]
[WhiteElo "2267"]
[BlackElo "2192"]
[PlyCount "117"]
[EventDate "2025.06.14"]
[EventType "team-tourn"]
[EventRounds "9"]
[EventCountry "POL"]
[SourceTitle "CB27_2025"]
[SourceDate "2025.07.02"]
[SourceVersion "1"]
[SourceVersionDate "2025.07.02"]
[SourceQuality "1"]
[WhiteTeam "Katowice Hetman"]
[BlackTeam "Gdynia MDK"]
[WhiteTeamCountry "POL"]
[BlackTeamCountry "POL"]

1. d4 d5 2. c4 c6 3. Nf3 dxc4 4. e3 Be6 5. Nc3 b5 6. a4 b4 7. Ne4 Nf6 8. Neg5 Bd5 9. Ne5 Nbd7 10. Nxc4 e6 11. Bd3 c5 12. 0-0 Be7 13. e4 Bxc4 14. Bxc4 cxd4 15. Qxd4 Bc5 16. Qd3 Qc7 17. Bb5 Rd8 18. Qe2 0-0 19. Nf3 Ne5 20. Bf4 Nxf3+ 21. Qxf3 Bd6 22. Rac1 Qb8 23. Bxd6 Qxd6 24. Rfe1 Qd2 25. Qe2 e5 26. f3 g6 27. Rc2 Qxe2 28. Rexe2 Rd1+ 29. Kf2 Nh5 30. g3 Ng7 31. Bc4 Rfd8 32. Bd5 Ne8 33. Re1 Rd4 34. Rec1 Nf6 35. Bc4 Rd2+ 36. Ke3 R2d4 37. Ke2 Kf8 38. b3 Nd7 39. Bb5 Nb8 40. Ke3 a6 41. Bc4 R4d6 42. Bd5 Nd7 43. Rc7 Nb6 44. Rxf7+ Kg8 45. Rcc7 Nxd5+ 46. exd5 Rxd5 47. Rg7+ Kf8 48. Rxh7 Kg8 49. Rcg7+ Kf8 50. Rxg6 Rd3+ 51. Ke4 R8d4+ 52. Kxe5 Rd5+ 53. Kf6 Rd6+ 54. Kg5 Rxg6+ 55. Kxg6 Rxb3 56. f4 Rf3 57. f5 b3 58. f6 Ke8 59. Rb7 1-0

[Event "Titled Tuesday intern op 01st Apr Late"]
[Site "Chess.com INT"]
[Date "2025.04.01"]
[Round "8"]
[White "Brzezina, Piotr"]
[Black "Pourkashiyan, Atousa"]
[Result "1/2-1/2"]
[WhiteElo "2301"]
[BlackElo "2291"]
[PlyCount "163"]
[EventDate "2025.04.01"]
[EventType "swiss (blitz)"]
[EventRounds "11"]
[EventCountry "USA"]
[SourceTitle "CB21_2025"]
[SourceDate "2025.05.21"]
[SourceVersion "1"]
[SourceVersionDate "2025.05.21"]
[SourceQuality "1"]

1. e4 c5 2. Nf3 e6 3. d4 cxd4 4. Nxd4 a6 5. c4 Nf6 6. Nc3 Qc7 7. Be2 Bb4 8. Qd3 0-0 9. 0-0 d5 10. exd5 Bxc3 11. Qxc3 exd5 12. Be3 Nbd7 13. Rac1 Qe5 14. Bf3 Ne4 15. Qc2 Ndf6 16. cxd5 Qxd5 17. Rfd1 Bg4 18. Bxe4 Bxd1 19. Bxd5 Bxc2 20. Bxb7 Rab8 21. Bxa6 Rxb2 22. Rxc2 Rb1+ 23. Bf1 Ra8 24. f3 Ra1 25. Kf2 R1xa2 26. Rxa2 Rxa2+ 27. Be2 h6 28. h3 Nd5 29. f4 Nxe3 30. Kxe3 Ra3+ 31. Bd3 g6 32. g4 Kg7 33. Ke2 Ra2+ 34. Nc2 Rb2 35. Kf3 Rb1 36. Be4 Rh1 37. Kg3 Rd1 38. Kf2 Rd2+ 39. Kf3 Rh2 40. Kg3 Rd2 41. Ne3 Re2 42. Kf3 Rh2 43. Kg3 Re2 44. Kf3 Ra2 45. Bd3 Ra3 46. Be4 Kf6 47. h4 Kg7 48. g5 h5 49. Bc2 Rc3 50. Be4 Kf8 51. Ke2 Rc1 52. f5 Kg7 53. f6+ Kf8 54. Kf3 Rh1 55. Kg3 Re1 56. Kf2 Ra1 57. Ng2 Ke8 58. Nf4 Ra4 59. Ke3 Ra3+ 60. Nd3 Kf8 61. Kf4 Ra1 62. Bd5 Rf1+ 63. Ke3 Rg1 64. Ne5 Re1+ 65. Kf4 Rf1+ 66. Kg3 Rg1+ 67. Kf2 Ra1 68. Bxf7 Ra5 69. Bxg6 Rxe5 70. Bxh5 Re4 71. Kg3 Re6 72. Kf4 Ra6 73. Bf3 Kf7 74. Be4 Rxf6+ 75. gxf6 Kxf6 76. Kg4 Kg7 77. Kg5 Kh8 78. h5 Kg7 79. h6+ Kh8 80. Kf6 Kg8 81. Kg6 Kh8 82. h7 1/2-1/2

[Event "Titled Tuesday intern op 01st Apr Late"]
[Site "Chess.com INT"]
[Date "2025.04.01"]
[Round "10"]
[White "Brzezina, Piotr"]
[Black "Stefansson, Vignir Vatnar"]
[Result "1-0"]
[WhiteElo "2301"]
[BlackElo "2536"]
[PlyCount "75"]
[EventDate "2025.04.01"]
[EventType "swiss (blitz)"]
[EventRounds "11"]
[EventCountry "USA"]
[SourceTitle "CB15_2025"]
[SourceDate "2025.04.09"]
[SourceVersion "1"]
[SourceVersionDate "2025.04.09"]
[SourceQuality "1"]

1. e4 d6 2. d4 Nf6 3. f3 c5 4. d5 g6 5. c4 Bg7 6. Nc3 0-0 7. Bg5 h6 8. Be3 e6 9. Qd2 Kh7 10. Nge2 Re8 11. Ng3 exd5 12. cxd5 b6 13. Be2 Ba6 14. 0-0 Bxe2 15. Qxe2 Nbd7 16. Rae1 a6 17. a4 Qb8 18. f4 b5 19. axb5 axb5 20. Qxb5 Qxb5 21. Nxb5 Nxe4 22. Nxe4 Rxe4 23. Nxd6 Rxe3 24. Rxe3 Bd4 25. Rfe1 Nf6 26. Kf1 Bxe3 27. Rxe3 Nxd5 28. Re5 Nxf4 29. Re7 Nd3 30. Nxf7 Nxb2 31. Ne5+ Kg8 32. Nxg6 c4 33. Rc7 Ra2 34. g4 Nd3 35. h4 Rf2+ 36. Kg1 Rc2 37. h5 c3 38. g5 1-0

[Event "EU-ch 25th"]
[Site "Eforie Nord"]
[Date "2025.03.17"]
[Round "3"]
[White "Brzezina, Piotr"]
[Black "Breahna, Radu"]
[Result "1-0"]
[WhiteElo "2298"]
[BlackElo "2110"]
[PlyCount "73"]
[EventDate "2025.03.15"]
[EventType "swiss"]
[EventRounds "11"]
[EventCountry "ROU"]
[SourceTitle "CB13_2025"]
[SourceDate "2025.03.26"]
[SourceVersion "1"]
[SourceVersionDate "2025.03.26"]
[SourceQuality "1"]

1. e4 e6 2. d4 d5 3. Nc3 dxe4 4. Nxe4 Bd7 5. Nf3 Bc6 6. Bd3 Nd7 7. 0-0 Bxe4 8. Bxe4 c6 9. c3 Ngf6 10. Bc2 Bd6 11. Re1 Qc7 12. Qe2 0-0-0 13. c4 Bf4 14. b4 Rhe8 15. Bb2 h5 16. Rad1 Kb8 17. Ne5 Nxe5 18. dxe5 Rxd1 19. Bxd1 Ng4 20. h3 Nh6 21. g3 Bg5 22. Bc3 g6 23. Bc2 Rd8 24. Kg2 h4 25. f4 Be7 26. g4 Ng8 27. Rd1 a5 28. Rxd8+ Qxd8 29. a3 axb4 30. axb4 Qb6 31. c5 Qa7 32. f5 gxf5 33. gxf5 Qa3 34. Qd2 exf5 35. Bxf5 Nh6 36. Be4 Kc7 37. e6 1-0

[Event "EU-ch 25th"]
[Site "Eforie Nord"]
[Date "2025.03.16"]
[Round "2"]
[White "Kozak, Adam"]
[Black "Brzezina, Piotr"]
[Result "1-0"]
[WhiteElo "2601"]
[BlackElo "2298"]
[PlyCount "127"]
[EventDate "2025.03.15"]
[EventType "swiss"]
[EventRounds "11"]
[EventCountry "ROU"]
[SourceTitle "CB13_2025"]
[SourceDate "2025.03.26"]
[SourceVersion "1"]
[SourceVersionDate "2025.03.26"]
[SourceQuality "1"]

1. d4 Nf6 2. c4 e6 3. Nc3 Bb4 4. e3 0-0 5. Bd3 c5 6. a3 Bxc3+ 7. bxc3 Nc6 8. Ne2 d6 9. e4 e5 10. d5 Ne7 11. Bc2 Ng6 12. h4 h6 13. h5 Ne7 14. f3 Nh7 15. g4 Ng5 16. Ng3 f6 17. Kf2 Bd7 18. Ba4 Bc8 19. Kg2 Qa5 20. Bd2 a6 21. Qb3 Rb8 22. Rhb1 b5 23. cxb5 Bd7 24. Qd1 axb5 25. Bc2 Qa7 26. Rb2 Ra8 27. Bd3 Rfb8 28. Qb1 Qa4 29. c4 b4 30. Raa2 b3 31. Ra1 Rb6 32. Ne2 Rab8 33. Nc3 Qa6 34. a4 Qc8 35. Be2 g6 36. Qh1 Kg7 37. hxg6 Nxg6 38. Nb5 Qa6 39. Rxb3 Rh8 40. Kf1 h5 41. gxh5 Bh3+ 42. Ke1 Rxh5 43. Nc7 Qa7 44. Rxb6 Qxb6 45. Nb5 Nh4 46. a5 Qa6 47. Bxg5 Ng2+ 48. Kd2 fxg5 49. Qb1 Bd7 50. Nc7 Qc8 51. a6 Qxc7 52. a7 Rh8 53. a8Q Rxa8 54. Rxa8 Nf4 55. Qb8 Qxb8 56. Rxb8 Kf6 57. Bd1 Bh3 58. Rd8 Ke7 59. Rh8 Kf6 60. Rh7 Bc8 61. Rc7 Bh3 62. Ke3 Ng6 63. Kf2 Nf8 64. Ba4 1-0

[Event "EU-ch 25th"]
[Site "Eforie Nord"]
[Date "2025.03.15"]
[Round "1"]
[White "Brzezina, Piotr"]
[Black "Svane, Rasmus"]
[Result "1/2-1/2"]
[WhiteElo "2298"]
[BlackElo "2627"]
[PlyCount "67"]
[EventDate "2025.03.15"]
[EventType "swiss"]
[EventRounds "11"]
[EventCountry "ROU"]
[SourceTitle "CB13_2025"]
[SourceDate "2025.03.26"]
[SourceVersion "1"]
[SourceVersionDate "2025.03.26"]
[SourceQuality "1"]

1. e4 c5 2. Nf3 Nc6 3. d4 cxd4 4. Nxd4 Nf6 5. Nc3 e5 6. Ndb5 d6 7. Bg5 a6 8. Na3 b5 9. Nd5 Be7 10. Bxf6 Bxf6 11. c4 b4 12. Nc2 0-0 13. h4 a5 14. Qf3 Be6 15. Rd1 Be7 16. Be2 Ra7 17. Qg3 Qb8 18. 0-0 a4 19. Nce3 Qd8 20. h5 Bh4 21. Qh2 Bg5 22. g3 Bxe3 23. Nxe3 Nd4 24. f4 Qb6 25. Kh1 exf4 26. Rxf4 h6 27. Qf2 Nxe2 28. Qxe2 Re8 29. Qd3 Qc5 30. Nd5 a3 31. b3 Bxd5 32. Qxd5 Rae7 33. Kg2 Qxd5 34. Rxd5 1/2-1/2

[Event "Titled Tuesday intern op 04th Mar Early"]
[Site "Chess.com INT"]
[Date "2025.03.04"]
[Round "2"]
[White "Brzezina, Piotr"]
[Black "Orzech, Dominik"]
[Result "0-1"]
[WhiteElo "2298"]
[BlackElo "2248"]
[PlyCount "80"]
[EventDate "2025.03.04"]
[EventType "swiss (blitz)"]
[EventRounds "11"]
[EventCountry "USA"]
[SourceTitle "CB11_2025"]
[SourceDate "2025.03.12"]
[SourceVersion "1"]
[SourceVersionDate "2025.03.12"]
[SourceQuality "1"]

1. e4 c5 2. Nf3 g6 3. d4 cxd4 4. Nxd4 Nc6 5. c4 Bg7 6. Be3 Nf6 7. Nc3 Ng4 8. Qxg4 Nxd4 9. Qd1 Ne6 10. Qd2 Qa5 11. Rc1 d6 12. Be2 Bd7 13. 0-0 Bc6 14. f3 g5 15. b3 h5 16. Qd3 Nf4 17. Bxf4 gxf4 18. Nd5 Bxd5 19. exd5 Qxa2 20. Rc2 Qa5 21. Qf5 Qc5+ 22. Kh1 Be5 23. Bd3 h4 24. h3 Rg8 25. Rb1 a5 26. Ra2 Ra6 27. b4 axb4 28. Rxa6 bxa6 29. Rxb4 Qc7 30. Ra4 a5 31. c5 dxc5 32. Rxa5 Qb8 33. Bb5+ Kf8 34. Bc6 Qd6 35. Ra8+ Kg7 36. Qg5+ Qg6 37. Rxg8+ Kxg8 38. Qxe7 Bd4 39. Qxh4 Qb1+ 40. Kh2 Qg1# 0-1

[Event "Titled Tuesday intern op 21st Jan Late"]
[Site "Chess.com INT"]
[Date "2025.01.21"]
[Round "11"]
[White "Brzezina, Piotr"]
[Black "Abrashkin, Boris Vladimirovich"]
[Result "1-0"]
[WhiteElo "2296"]
[BlackElo "2407"]
[PlyCount "62"]
[EventDate "2025.01.21"]
[EventType "swiss (blitz)"]
[EventRounds "11"]
[EventCountry "USA"]
[SourceTitle "CB05_2025"]
[SourceDate "2025.01.29"]
[SourceVersion "1"]
[SourceVersionDate "2025.01.29"]
[SourceQuality "1"]

1. e4 e6 2. d4 d5 3. Nc3 Bb4 4. e5 c5 5. a3 Bxc3+ 6. bxc3 Qa5 7. Bd2 Qa4 8. Nf3 b6 9. h4 Ba6 10. h5 h6 11. Rh4 Bxf1 12. Kxf1 c4 13. Rg4 Rh7 14. Nh4 Ne7 15. Ra2 Nbc6 16. Qf3 Qb5 17. Ra1 Qb2 18. Rc1 Qb5 19. Qg3 Kf8 20. Rxg7 Rxg7 21. Bxh6 Ke8 22. Qxg7 Kd7 23. Qxf7 Qb2 24. Ng6 Qxc3 25. Nxe7 Nxe7 26. Bg5 Re8 27. h6 Qxd4 28. h7 Qxe5 29. Bf6 Qf4 30. Re1 Qh6 31. h8Q Rxh8 1-0

[Event "Titled Tuesday intern op 21st Jan Late"]
[Site "Chess.com INT"]
[Date "2025.01.21"]
[Round "5"]
[White "Brzezina, Piotr"]
[Black "Bonte, Andrei Mihai"]
[Result "1-0"]
[WhiteElo "2296"]
[BlackElo "2241"]
[PlyCount "45"]
[EventDate "2025.01.21"]
[EventType "swiss (blitz)"]
[EventRounds "11"]
[EventCountry "USA"]
[SourceTitle "CB05_2025"]
[SourceDate "2025.01.29"]
[SourceVersion "1"]
[SourceVersionDate "2025.01.29"]
[SourceQuality "1"]

1. e4 c6 2. d4 d5 3. e5 c5 4. dxc5 Nc6 5. Nf3 Bg4 6. Be3 Bxf3 7. Qxf3 Nxe5 8. Bb5+ Nc6 9. 0-0 e6 10. c4 a6 11. Ba4 Nf6 12. Nc3 Be7 13. Rad1 Qa5 14. cxd5 exd5 15. a3 0-0 16. b4 Nxb4 17. axb4 Qxb4 18. Bd4 Rfd8 19. Bc2 Rac8 20. Bxf6 Bxf6 21. Nxd5 Qxc5 22. Nxf6+ gxf6 23. Bf5 1-0

[Event "Krakow op-A 35th"]
[Site "Krakow"]
[Date "2025.01.03"]
[Round "8"]
[White "Negrean, Andrei"]
[Black "Brzezina, Piotr"]
[Result "1-0"]
[WhiteElo "2209"]
[BlackElo "2274"]
[PlyCount "65"]
[EventDate "2024.12.27"]
[EventType "swiss"]
[EventRounds "9"]
[EventCountry "POL"]
[SourceTitle "CB02_2025"]
[SourceDate "2025.01.08"]
[SourceVersion "1"]
[SourceVersionDate "2025.01.08"]
[SourceQuality "1"]

1. e4 c5 2. Nf3 Nc6 3. Bb5 g6 4. Bxc6 dxc6 5. d3 Bg7 6. h3 b6 7. 0-0 Nf6 8. Nc3 Nd7 9. Be3 e5 10. Qd2 h6 11. Nh2 Nf8 12. f4 exf4 13. Rxf4 g5 14. Rf2 Ng6 15. Raf1 Be6 16. Ng4 Qc7 17. Nf6+ Bxf6 18. Rxf6 0-0-0 19. Ne2 Qe5 20. Qc3 Qxc3 21. Nxc3 Kd7 22. a3 Ke7 23. R6f2 Rhf8 24. Ne2 f6 25. Ng3 Nh4 26. Bd2 Rf7 27. Nh5 Rdf8 28. g4 c4 29. Bc3 cxd3 30. cxd3 c5 31. Bxf6+ Kd6 32. Bg7 Rxf2 33. Bxf8+ 1-0

[Event "Krakow op-A 35th"]
[Site "Krakow"]
[Date "2025.01.02"]
[Round "7"]
[White "Novotny, Michal"]
[Black "Brzezina, Piotr"]
[Result "1/2-1/2"]
[WhiteElo "2219"]
[BlackElo "2274"]
[PlyCount "99"]
[EventDate "2024.12.27"]
[EventType "swiss"]
[EventRounds "9"]
[EventCountry "POL"]
[SourceTitle "CB02_2025"]
[SourceDate "2025.01.08"]
[SourceVersion "1"]
[SourceVersionDate "2025.01.08"]
[SourceQuality "1"]

1. e4 c5 2. Nc3 d6 3. d4 cxd4 4. Qxd4 Nc6 5. Qd2 Nf6 6. b3 e6 7. Bb2 d5 8. exd5 exd5 9. 0-0-0 Be6 10. Kb1 Qa5 11. Nb5 Qxd2 12. Rxd2 Bb4 13. Re2 0-0-0 14. Nf3 Ne4 15. Nfd4 a6 16. Nxc6 bxc6 17. Nd4 Bd7 18. Re3 Kb7 19. f3 Nd2+ 20. Kc1 Nxf1 21. Rxf1 Rhe8 22. Rxe8 Rxe8 23. a3 Bd6 24. b4 Bxh2 25. Rh1 Bf4+ 26. Kd1 h6 27. Nb3 f6 28. Nc5+ Kc7 29. Nxa6+ Kb6 30. Nc5 Bf5 31. a4 Kc7 32. Bd4 Bd6 33. a5 Bc8 34. Re1 Rxe1+ 35. Kxe1 Be7 36. Nd3 Ba6 37. Bc5 Bxd3 38. Bxe7 Bxc2 39. Bf8 g6 40. Bxh6 Bd3 41. Be3 f5 42. f4 Kb7 43. Kd2 Bf1 44. g3 Ka6 45. Kc3 Kb7 46. Kd4 Ba6 47. Ke5 Be2 48. Bc5 Ka6 49. Kf6 Bh5 50. Ke6 1/2-1/2